| 000 -LEADER |
| fixed length control field |
00732nam a2200229Ia 4500 |
| 001 - CONTROL NUMBER |
| control field |
16795 |
| 003 - CONTROL NUMBER IDENTIFIER |
| control field |
GE_BSU |
| 005 - DATE AND TIME OF LATEST TRANSACTION |
| control field |
20221114163808.0 |
| 008 - FIXED-LENGTH DATA ELEMENTS--GENERAL INFORMATION |
| fixed length control field |
181216s2010||||fr |||||||||||||| ||fre|| |
| 020 ## - INTERNATIONAL STANDARD BOOK NUMBER |
| International Standard Book Number |
9782011557988x |
| 080 ## - UNIVERSAL DECIMAL CLASSIFICATION NUMBER |
| Universal Decimal Classification number |
811.133.1 B-51 |
| 100 ## - MAIN ENTRY--PERSONAL NAME |
| Personal name |
Berthet, Annie. |
| 9 (RLIN) |
6558 |
| 245 ## - TITLE STATEMENT |
| Title |
Alter Ego C1>C2.: |
| Remainder of title |
Methode de Francais.5 : Cahier de perfectionnement / |
| Statement of responsibility, etc. |
Annie Berthet ; Cedric Louvel. |
| 264 ## - PRODUCTION, PUBLICATION, DISTRIBUTION, MANUFACTURE, AND COPYRIGHT NOTICE |
| Place of production, publication, distribution, manufacture |
Paris : |
| Name of producer, publisher, distributor, manufacturer |
Hachette, |
| Date of production, publication, distribution, manufacture, or copyright notice |
2010. |
| 300 ## - PHYSICAL DESCRIPTION |
| Extent |
127 p.: |
| Other physical details |
ill .; |
| Dimensions |
28cm. |
| 653 ## - INDEX TERM--UNCONTROLLED |
| keyword |
Alter Ego. Methode de Francais 5 |
| 653 ## - INDEX TERM--UNCONTROLLED |
| keyword |
Cahier de perfectionnement |
| 653 ## - INDEX TERM--UNCONTROLLED |
| keyword |
გრამატიკა |
| 653 ## - INDEX TERM--UNCONTROLLED |
| keyword |
ფრანგული ენა |
| 700 ## - ADDED ENTRY--PERSONAL NAME |
| Personal name |
Cedric, Louvel |
| 9 (RLIN) |
6566 |
| 942 ## - ADDED ENTRY ELEMENTS (KOHA) |
| Koha item type |
წიგნი |
| Source of classification or shelving scheme |
|